Famous Emma(s) by Picture - Statistics

General Stats
  • This quiz has been taken 60 times
  • The average score is 5 of 15
Answer Stats
Picture Answer % Correct
Emma Watson
95%
Emma Stone
93%
Emma Thompson
71%
Emma Roberts
67%
Emma Bunton
31%
Emma Raducanu
22%
Emma Mackey
20%
Emma Myers
18%
Emma Willis
18%
Emma Frost
11%
Emma Corrin
9%
Emma Chambers
5%
Emma Hayes
4%
Emma McKeon
4%
Emma Caulfield
2%
No matching quizzes found
Score Distribution
Percent of People with Each Score
Percentile by Number Answered
Your Score History
You have not taken this quiz